| 000 | 00543nam a22002057a 4500 | ||
|---|---|---|---|
| 003 | OSt | ||
| 005 | 20160412140032.0 | ||
| 008 | 160412b xxu||||| |||| 00| 0 eng d | ||
| 020 | _a013127306-X | ||
| 040 | _cDDC. | ||
| 082 | _a302.35GRE 2005 | ||
| 100 |
_aGreenberg,Gerald; _97717 |
||
| 245 | _aManaging Behaviour in Organisations. | ||
| 250 | _a4th ed. | ||
| 260 |
_aNew Jersey; _bPearson Prentice Hall; _c2005. |
||
| 300 |
_axvii,510p; _bcol,ill; _c22cm. |
||
| 504 | _aincludes index. | ||
| 650 |
_aManagement. _9364 |
||
| 942 |
_2ddc _cSLOAN |
||
| 999 |
_c3451 _d3451 |
||